[Event "Mittelrhein Verbandsliga Nord 1920"]
[Site "Mittelrhein"]
[Date "2019.12.08"]
[Round "4.5"]
[White "Schwan, Volkmar"]
[Black "Breske, Patrick"]
[Result "0-1"]
[WhiteElo "1747"]
[BlackElo "1881"]
[PlyCount "30"]
[EventDate "2019.09.29"]
[EventType "team-tourn"]
[EventRounds "9"]
[EventCountry "GER"]
[SourceTitle "EXT 2023"]
[Source "ChessBase"]
[SourceDate "2022.10.05"]
[SourceVersion "1"]
[SourceVersionDate "2022.10.05"]
[SourceQuality "1"]
[WhiteTeam "Koeln Muelheim"]
[BlackTeam "Brauweiler Rochade"]
[WhiteTeamCountry "GER"]
[BlackTeamCountry "GER"]

1. d4 f5 2. Bf4 Nf6 3. e3 e6 4. h3 b6 5. Be2 Bb7 6. Bf3 Ne4 7. Nd2 d5 8. Be5 Nd7 9. Bh5+ Ke7 10. Bh2 g6 11. Be2 Bg7 12. Ngf3 Re8 13. c3 Kf7 14. g4 Nd6 15. Bb5 Nxb5 0-1

[Event "Mittelrhein Verbandsliga Nord 1920"]
[Site "Mittelrhein"]
[Date "2019.11.17"]
[Round "3.5"]
[White "Kiehn, Andreas"]
[Black "Schwan, Volkmar"]
[Result "1-0"]
[WhiteElo "1797"]
[BlackElo "1747"]
[PlyCount "71"]
[EventDate "2019.09.29"]
[EventType "team-tourn"]
[EventRounds "9"]
[EventCountry "GER"]
[SourceTitle "EXT 2023"]
[Source "ChessBase"]
[SourceDate "2022.10.05"]
[SourceVersion "1"]
[SourceVersionDate "2022.10.05"]
[SourceQuality "1"]
[WhiteTeam "Pulheim"]
[BlackTeam "Koeln Muelheim"]
[WhiteTeamCountry "GER"]
[BlackTeamCountry "GER"]

1. d4 d6 2. c4 Nf6 3. Nc3 Nbd7 4. e4 e5 5. d5 Be7 6. Bd3 c6 7. Nge2 a5 8. 0-0 h6 9. Ng3 g6 10. Be3 h5 11. f3 h4 12. Nh1 Nh5 13. Qd2 g5 14. Nf2 Nf8 15. Na4 Nd7 16. dxc6 bxc6 17. c5 d5 18. exd5 cxd5 19. c6 d4 20. Bxd4 exd4 21. Bb5 0-0 22. cxd7 Bb7 23. Qxd4 Nf4 24. Ne4 Bc6 25. Qc4 Bxd7 26. Rfd1 Bxb5 27. Qxb5 Rb8 28. Qf5 Ne2+ 29. Kf1 Nd4 30. Qe5 Rb4 31. Nac3 f6 32. Qd5+ Kg7 33. a3 Qxd5 34. Nxd5 Rd8 35. Nxe7 Rxb2 36. Rxd4 1-0

[Event "Mittelrhein Verbandsliga Nord 1920"]
[Site "Mittelrhein"]
[Date "2019.10.27"]
[Round "2.5"]
[White "Schwan, Volkmar"]
[Black "Olschewski, Martin"]
[Result "1/2-1/2"]
[WhiteElo "1747"]
[BlackElo "1634"]
[PlyCount "124"]
[EventDate "2019.09.29"]
[EventType "team-tourn"]
[EventRounds "9"]
[EventCountry "GER"]
[SourceTitle "EXT 2023"]
[Source "ChessBase"]
[SourceDate "2022.10.05"]
[SourceVersion "1"]
[SourceVersionDate "2022.10.05"]
[SourceQuality "1"]
[WhiteTeam "Koeln Muelheim"]
[BlackTeam "Eikamp Freibauer"]
[WhiteTeamCountry "GER"]
[BlackTeamCountry "GER"]

1. d4 Nf6 2. Bf4 g6 3. Nc3 Bg7 4. e4 d6 5. Be2 0-0 6. Qd2 Nbd7 7. 0-0-0 Qe8 8. e5 dxe5 9. dxe5 Nh5 10. Bxh5 gxh5 11. Nf3 Nb6 12. Bh6 Qc6 13. Bxg7 Kxg7 14. Qg5+ Qg6 15. Qxe7 Bf5 16. Nh4 Qh6+ 17. Kb1 Be6 18. Rd3 Nc4 19. Rg3+ Kh8 20. Qf6+ Qxf6 21. exf6 Rg8 22. Rd1 Rg4 23. Nf3 Rf4 24. Nb5 Rxf6 25. Nxc7 Rc8 26. Nxe6 Rxe6 27. Nd4 Rf6 28. Rf3 Kg7 29. Rxf6 Kxf6 30. b3 Ne5 31. f3 h4 32. Ne2 Ke7 33. Nd4 Kf6 34. c4 Re8 35. Kc2 Ng6 36. g3 hxg3 37. hxg3 Ne5 38. Re1 Rd8 39. Re4 a6 40. Kc3 Rc8 41. Rf4+ Kg6 42. Nf5 Rd8 43. Ne7+ Kg7 44. Nd5 Rd6 45. Kd4 Nc6+ 46. Kc5 Re6 47. Re4 Ne5 48. Rf4 Nd3+ 49. Kd4 Nxf4 50. Nxf4 Rd6+ 51. Nd5 h5 52. c5 Rg6 53. Ne7 Re6 54. Nf5+ Kg6 55. Nd6 Re7 56. b4 Kf6 57. a4 Ke6 58. b5 axb5 59. axb5 Rd7 60. Ke4 Rc7 61. Kd4 Rd7 62. Ke4 Rc7 1/2-1/2

[Event "Mittelrhein Verbandsliga-N 17/18"]
[Site "Nordrheinwestfalen"]
[Date "2018.02.04"]
[Round "7.7"]
[White "Leichter, Gerhard"]
[Black "Schwan, Volkmar"]
[Result "1/2-1/2"]
[WhiteElo "1679"]
[BlackElo "1760"]
[PlyCount "23"]
[EventDate "2017.09.10"]
[EventType "team-swiss"]
[EventRounds "11"]
[EventCountry "GER"]
[SourceTitle "EXT 2022"]
[Source "ChessBase"]
[SourceDate "2021.10.06"]
[SourceVersion "1"]
[SourceVersionDate "2021.10.06"]
[SourceQuality "1"]
[WhiteTeam "Hitdorf SV Springer"]
[BlackTeam "Koeln Muelheim"]
[WhiteTeamCountry "GER"]
[BlackTeamCountry "GER"]

1. d4 g6 2. Nf3 Bg7 3. c4 d6 4. Nc3 Nf6 5. e3 0-0 6. Be2 Nbd7 7. 0-0 c6 8. b3 a6 9. Bb2 d5 10. cxd5 Nxd5 11. Nxd5 cxd5 12. Rc1 1/2-1/2

[Event "Mittelrhein Verbandsliga-N 17/18"]
[Site "Nordrheinwestfalen"]
[Date "2017.10.01"]
[Round "2.6"]
[White "Prinz, Rene"]
[Black "Schwan, Volkmar"]
[Result "1/2-1/2"]
[WhiteElo "1824"]
[BlackElo "1760"]
[PlyCount "44"]
[EventDate "2017.09.10"]
[EventType "team-swiss"]
[EventRounds "11"]
[EventCountry "GER"]
[SourceTitle "EXT 2022"]
[Source "ChessBase"]
[SourceDate "2021.10.06"]
[SourceVersion "1"]
[SourceVersionDate "2021.10.06"]
[SourceQuality "1"]
[WhiteTeam "Eikamp Freibauer"]
[BlackTeam "Koeln Muelheim"]
[WhiteTeamCountry "GER"]
[BlackTeamCountry "GER"]

1. c4 Nf6 2. d4 d6 3. Nc3 Nbd7 4. e4 c6 5. Bd3 e5 6. d5 Be7 7. Nge2 h5 8. Ng3 g6 9. Bg5 Nxd5 10. exd5 Bxg5 11. dxc6 bxc6 12. Be4 Qc7 13. Nb5 cxb5 14. Bxa8 bxc4 15. 0-0 Nb6 16. Bf3 Be6 17. Ne4 Be7 18. Nc3 Qc5 19. Re1 f6 20. Qc2 Kf7 21. Rad1 d5 22. Rd2 e4 1/2-1/2

[Event "Mittelrhein Verbandsliga-M 16/17"]
[Site "Nordrheinwestfalen"]
[Date "2017.03.19"]
[Round "9.7"]
[White "Hanke, Friedhelm"]
[Black "Schwan, Volkmar"]
[Result "1/2-1/2"]
[WhiteElo "1685"]
[BlackElo "1781"]
[PlyCount "118"]
[EventDate "2016.09.11"]
[EventType "team-tourn"]
[EventRounds "11"]
[EventCountry "GER"]
[SourceTitle "EXT 2022"]
[Source "ChessBase"]
[SourceDate "2021.10.06"]
[SourceVersion "1"]
[SourceVersionDate "2021.10.06"]
[SourceQuality "1"]
[WhiteTeam "Hitdorf SV Springer"]
[BlackTeam "Koeln Muelheim"]
[WhiteTeamCountry "GER"]
[BlackTeamCountry "GER"]

1. d4 d6 2. e4 Nf6 3. Nc3 g6 4. Bg5 Nbd7 5. Qd2 h6 6. Bh4 c6 7. f4 Qa5 8. Nf3 a6 9. Bd3 Bg7 10. e5 dxe5 11. fxe5 Nd5 12. e6 N7f6 13. exf7+ Kf8 14. Ne5 g5 15. Ng6+ Kxf7 16. Nxh8+ Bxh8 17. Bg3 Ng4 18. 0-0+ Kg8 19. Bc4 b5 20. Bxd5+ cxd5 21. Qd3 Qb6 22. Nxd5 Qxd4+ 23. Qxd4 Bxd4+ 24. Kh1 Bxb2 25. Nxe7+ Kg7 26. Rae1 Bd7 27. Nd5 Re8 28. Rxe8 Bxe8 29. Nc7 Bf7 30. Nxa6 Bxa2 31. Nb4 Bc4 32. Rb1 Bc3 33. Nd3 Ne3 34. Be5+ Bxe5 35. Nxe5 Nxc2 36. Nxc4 bxc4 37. Rc1 Ne3 38. Rc3 Ng4 39. Rxc4 Ne5 40. Ra4 h5 41. Ra6 Ng4 42. Kg1 h4 43. h3 Nf6 44. Kf2 Kg6 45. Ke3 Kf5 46. Ra5+ Kg6 47. Kd4 g4 48. hxg4 Nxg4 49. Ke4 h3 50. gxh3 Nf2+ 51. Kf3 Nxh3 52. Kg4 Nf2+ 53. Kg3 Ne4+ 54. Kf4 Nc3 55. Ke3 Nd1+ 56. Ke2 Nb2 57. Rc5 Kf7 58. Kd2 Ke7 59. Kc2 Kd6 1/2-1/2

[Event "Mittelrhein Verbandsliga-M 16/17"]
[Site "Nordrheinwestfalen"]
[Date "2017.01.08"]
[Round "6.8"]
[White "Schwan, Volkmar"]
[Black "Kuehnast, Volker"]
[Result "1/2-1/2"]
[WhiteElo "1781"]
[BlackElo "1833"]
[PlyCount "49"]
[EventDate "2016.09.11"]
[EventType "team-tourn"]
[EventRounds "11"]
[EventCountry "GER"]
[SourceTitle "EXT 2022"]
[Source "ChessBase"]
[SourceDate "2021.10.06"]
[SourceVersion "1"]
[SourceVersionDate "2021.10.06"]
[SourceQuality "1"]
[WhiteTeam "Koeln Muelheim"]
[BlackTeam "Bergische SF"]
[WhiteTeamCountry "GER"]
[BlackTeamCountry "GER"]

1. d4 g6 2. Nf3 Bg7 3. e4 d6 4. Nc3 a6 5. Be2 b5 6. 0-0 Nd7 7. a4 b4 8. Nd5 Rb8 9. c3 bxc3 10. bxc3 a5 11. Qc2 Ngf6 12. Ne3 Bb7 13. Nd2 0-0 14. f3 c5 15. Nb3 Qc7 16. Nc4 Ra8 17. Be3 d5 18. exd5 Nxd5 19. Bd2 Rfc8 20. Qd1 Nf4 21. Bxf4 Qxf4 22. Nbxa5 Ba6 23. g3 Qc7 24. Qd2 Nb6 25. Rfc1 1/2-1/2

[Event "Mittelrhein Verbandsliga-M 16/17"]
[Site "Nordrheinwestfalen"]
[Date "2016.10.23"]
[Round "3.8"]
[White "Arlt, Klaus"]
[Black "Schwan, Volkmar"]
[Result "1-0"]
[WhiteElo "1997"]
[BlackElo "1781"]
[PlyCount "111"]
[EventDate "2016.09.11"]
[EventType "team-tourn"]
[EventRounds "11"]
[EventCountry "GER"]
[SourceTitle "EXT 2022"]
[Source "ChessBase"]
[SourceDate "2021.10.06"]
[SourceVersion "1"]
[SourceVersionDate "2021.10.06"]
[SourceQuality "1"]
[WhiteTeam "Koeln Ford SF"]
[BlackTeam "Koeln Muelheim"]
[WhiteTeamCountry "GER"]
[BlackTeamCountry "GER"]

1. c4 d6 2. d4 Nf6 3. Nf3 Nbd7 4. Nc3 c6 5. Qc2 e5 6. d5 Be7 7. e4 a5 8. Be2 Nc5 9. 0-0 0-0 10. Be3 Qc7 11. h3 Ne8 12. Bxc5 dxc5 13. Bd3 Qd6 14. Ne2 Qf6 15. Qc3 Bd6 16. Bc2 cxd5 17. cxd5 b5 18. Qe3 Nc7 19. g4 Qg6 20. Ng3 Nxd5 21. exd5 Qxc2 22. Ne4 Bb8 23. Rfc1 Qxb2 24. Rcb1 Qc2 25. Rc1 Qa4 26. Nxc5 Qf4 27. Qxf4 exf4 28. Rd1 Bd6 29. Ne4 Rd8 30. Rac1 Bb7 31. Nc5 Rab8 32. Nxb7 Rxb7 33. Nd4 g6 34. Nc6 Ra8 35. Nd4 b4 36. Rc6 Rd8 37. Ra6 Bc7 38. Nc6 Rd7 39. Nxa5 Rb5 40. Nc6 b3 41. axb3 Rxb3 42. h4 Bd6 43. Ra7 Rbb7 44. Rda1 Kg7 45. Kg2 Kf6 46. Rxb7 Rxb7 47. Kf3 h6 48. Ra6 Rd7 49. Ke4 g5 50. h5 Kg7 51. Ra7 f5+ 52. Kxf5 Rxa7 53. Nxa7 Bc5 54. Nc6 Bxf2 55. d6 Bb6 56. Ke4 1-0

[Event "Mittelrhein Verbandsliga-M 16/17"]
[Site "Nordrheinwestfalen"]
[Date "2016.09.11"]
[Round "1.5"]
[White "Schwan, Volkmar"]
[Black "Esser, Michael"]
[Result "1/2-1/2"]
[WhiteElo "1781"]
[BlackElo "1993"]
[PlyCount "88"]
[EventDate "2016.09.11"]
[EventType "team-tourn"]
[EventRounds "11"]
[EventCountry "GER"]
[SourceTitle "EXT 2022"]
[Source "ChessBase"]
[SourceDate "2021.10.06"]
[SourceVersion "1"]
[SourceVersionDate "2021.10.06"]
[SourceQuality "1"]
[WhiteTeam "Koeln Muelheim"]
[BlackTeam "Leverkusen SC Bayer"]
[WhiteTeamCountry "GER"]
[BlackTeamCountry "GER"]

1. d4 Nf6 2. Nf3 d5 3. c4 e6 4. e3 Be7 5. Nc3 0-0 6. Be2 dxc4 7. Bxc4 a6 8. 0-0 b5 9. Bd3 Bb7 10. Qe2 Nbd7 11. a3 c5 12. Rd1 Qb6 13. Bc2 Rfd8 14. e4 cxd4 15. Nxd4 Ne5 16. Nf3 Rxd1+ 17. Qxd1 Rd8 18. Qe2 Qc7 19. Bf4 Nxf3+ 20. Qxf3 Qc4 21. Re1 b4 22. axb4 Qxb4 23. Bc1 h6 24. Qe2 Nd7 25. e5 Nf8 26. Be4 Rd4 27. Bxb7 Qxb7 28. Rd1 Bc5 29. Be3 Rxd1+ 30. Nxd1 Bb4 31. f4 Nd7 32. Qc4 Qb5 33. Qxb5 axb5 34. Kf2 Kf8 35. Ke2 Ke7 36. Kd3 Kd8 37. Nf2 Kc7 38. Ne4 Kc6 39. b3 Nb8 40. Nf2 Na6 41. Ne4 Kd5 42. Bb6 Be7 43. Nc3+ Kc6 44. Be3 Nb4+ 1/2-1/2

[Event "Mittelrhein Verbandsliga-M 1112"]
[Site "Germany"]
[Date "2012.03.18"]
[Round "8.2"]
[White "Schwan, Volkmar"]
[Black "Debald, Heinrich"]
[Result "1/2-1/2"]
[WhiteElo "1873"]
[BlackElo "2004"]
[PlyCount "119"]
[EventDate "2011.09.18"]
[EventType "team-tourn"]
[EventRounds "11"]
[EventCountry "GER"]
[SourceTitle "EXT 2013"]
[Source "ChessBase"]
[SourceDate "2012.11.22"]
[SourceVersion "1"]
[SourceVersionDate "2012.11.22"]
[SourceQuality "1"]
[WhiteTeam "Koeln Muelheim II"]
[BlackTeam "Bayer Leverkusen"]
[WhiteTeamCountry "GER"]
[BlackTeamCountry "GER"]

1. d4 d5 2. Nf3 Nf6 3. Bf4 e6 4. e3 Be7 5. Ne5 Nbd7 6. Bd3 c5 7. c3 Qb6 8. Qc2 Nh5 9. Bg3 Nxg3 10. Nxd7 Bxd7 11. hxg3 h6 12. Nd2 0-0-0 13. 0-0 h5 14. dxc5 Qxc5 15. c4 dxc4 16. Qxc4 Bc6 17. Nb3 Qxc4 18. Bxc4 Bf6 19. Na5 Rd2 20. Nxc6 bxc6 21. a4 a5 22. Rac1 Bxb2 23. Ba6+ Kd7 24. Rc5 Rd5 25. Rc2 Ba3 26. Rb1 Bb4 27. Rbc1 c5 28. Bc4 Rd6 29. Kf1 Ke7 30. Be2 g6 31. Rd1 Rhd8 32. Rxd6 Rxd6 33. f3 f5 34. Kf2 Kf6 35. g4 hxg4 36. fxg4 Ke5 37. gxf5 exf5 38. Bf3 g5 39. Ke2 g4 40. Bb7 Rb6 41. Ba8 Rh6 42. Bb7 Rh1 43. Bc6 Ra1 44. Kd3 Ra3+ 45. Ke2 Bc3 46. Kf2 Rb3 47. Ke2 Kd6 48. Bb5 Kd5 49. Bd7 Ke5 50. Bc6 f4 51. exf4+ Kxf4 52. Bd5 Ra3 53. Bc6 Bd4 54. Kd2 Ke5 55. Ke2 Kd6 56. Bb5 Rg3 57. Kf1 Kd5 58. Ke1 Rc3 59. Rxc3 Bxc3+ 60. Kd1 1/2-1/2

[Event "Mittelrhein Verbandsliga-M 1112"]
[Site "Germany"]
[Date "2011.12.11"]
[Round "4.2"]
[White "Marcks, Martin"]
[Black "Schwan, Volkmar"]
[Result "1-0"]
[WhiteElo "2063"]
[BlackElo "1873"]
[PlyCount "97"]
[EventDate "2011.09.18"]
[EventType "team-tourn"]
[EventRounds "11"]
[EventCountry "GER"]
[SourceTitle "EXT 2013"]
[Source "ChessBase"]
[SourceDate "2012.11.22"]
[SourceVersion "1"]
[SourceVersionDate "2012.11.22"]
[SourceQuality "1"]
[WhiteTeam "Rheinpark BSG"]
[BlackTeam "Koeln Muelheim II"]
[WhiteTeamCountry "GER"]
[BlackTeamCountry "GER"]

1. e4 g6 2. d4 Bg7 3. Nc3 d6 4. Be2 Nf6 5. h4 h6 6. Be3 Nfd7 7. Qd2 c5 8. Nf3 Nc6 9. d5 Nce5 10. Nxe5 Nxe5 11. Nd1 a6 12. a4 b6 13. f3 Bd7 14. Nf2 b5 15. 0-0 h5 16. axb5 axb5 17. Bg5 f6 18. Be3 Nf7 19. b4 c4 20. Bd4 0-0 21. Qc3 Kh7 22. Rxa8 Qxa8 23. Ra1 Qd8 24. Ra5 Rg8 25. f4 g5 26. Bxh5 Qf8 27. Ra7 Be8 28. hxg5 fxg5 29. Bxg7 Rxg7 30. Qh3 Nh6 31. Ra8 Qxf4 32. Rxe8 Qc1+ 33. Kh2 Qxc2 34. Ng4 Qxe4 35. Nxh6 Qf4+ 36. Qg3 Kxh6 37. Rh8+ Rh7 38. Rxh7+ Kxh7 39. Qxf4 gxf4 40. Kg1 Kh6 41. Be2 Kg5 42. Kf2 Kf5 43. Bxc4 Ke5 44. Ba2 Kd4 45. Kf3 Ke5 46. Bb3 Kd4 47. Kxf4 Kc3 48. Bd1 Kxb4 49. g4 1-0